| 000 | 00859nam a2200253 i 4500 | ||
|---|---|---|---|
| 001 | 179735 | ||
| 003 | ES-MaACL | ||
| 005 | 20250812044416.0 | ||
| 008 | 120113s2009 sp aop |||| | spa d | ||
| 020 | _a978-84-252-2224-5 | ||
| 080 | _a76 | ||
| 080 | _a659.125 | ||
| 100 | 1 |
_aSamara, Timothy. _9149069 |
|
| 245 | 1 | 4 |
_aLos elementos del diseño _b: manual de estilo para diseñadores gráficos / _cTimothy Samara. |
| 246 | 3 | 0 | _aManual de estilo para diseñadores gráficos |
| 250 | _a1ª ed., 3ª tirada. | ||
| 260 |
_aBarcelona : _bGustavo Gili, _c2009 ( _eChina) |
||
| 300 |
_a272 p. : _bprincipalmente il. col., fot. ; _c26 cm. |
||
| 650 | 4 |
_aDiseño gráfico. _9139179 |
|
| 650 | 0 | 7 |
_aArte publicitario _2embne _910280 |
| 852 |
_aES-MaACL _jA-11841 _9186635 _bR.146754 _cDEPO1 _dOlim: N-4846 |
||
| 942 |
_2udc _cMONOGRAFIA |
||
| 999 |
_c179735 _d179735 |
||